• 首页
  • 本馆介绍
  • 公告通知
  • 最新文献
  • 馆藏检索
  • 电子资源
  • 读者导购
  • 参考咨询
  • 我的图书馆
  • 登录
  • 详细信息显示
  • 放入我的书架
  • 预约/预借图书
  • 作者相关作品
  • 分类相关作品
  • 丛书相关作品
  • 出版社相关作品

书目信息

  • 表格格式
  • 工作单格式
  • 卡片格式
题名:
语文学习论
    
 
作者: 佟士凡
分册:  
出版信息: 南宁   广西教育  1996
页数: 204页
开本: 19cm
丛书名: 学科先导教育理论书系
单 册:
中图分类: G427
科图分类:
主题词: 教学理论
电子资源:
ISBN: 7-5435-2513-5
000 00563nam0 2200205 450
001 0753865015
005 20070818145745.01
010    @a7-5435-2513-5@d¥13.00
100    @a20070818d km y0chiy0120 ea
101 0  @achi
200 1  @a语文学习论@Ayu wen xue xi lun@f佟士凡@Ftong shi fan
210    @a南宁@c广西教育@d1996
215    @a204页@d19cm
225 2  @a学科先导教育理论书系
410  0 @12001 @a学科先导教育理论书系
606 0  @a教学理论
690    @aG427@v3
701  0 @a佟士凡@Atong shi fan
801  0 @aCN@bPFT@c20070818
905    @a213230@dG427@ee444@f1
    
    语文学习论/佟士凡.-南宁:广西教育,1996
    204页;19cm.-(学科先导教育理论书系)
    
    
    ISBN 7-5435-2513-5:¥13.00
    
●
相关链接 在E读中查询图书 在五车中查询图书 在当当中查询图书 在豆瓣中查询图书


正题名:语文学习论     索取号:G427/e444         预约/预借

序号 登录号 条形码 馆藏地/架位号 状态 备注
1 6302206   263022062   教育系资料室/ [索取号:G427/e444] 在馆    
唐山师范学院图书馆 欢迎您!
大连网信软件有限公司© 版权所有